| 000 | 00529nam a2200193 a 4500 | ||
|---|---|---|---|
| 005 | 20250926063854.0 | ||
| 008 | 991125s1977 bar 000 0 spa u | ||
| 020 | _a8425206871 | ||
| 035 | _aUPN01000008184 | ||
| 049 | _aCG | ||
| 050 | 4 |
_aPN1995 _bP4.28 |
|
| 100 | 1 | _aPecori, Franco | |
| 245 | 1 | 0 |
_aCine, forma y método / _cFranco Pecori ; tr. de Dolores Cantieri. |
| 260 |
_aBarcelona, Esp. : _bG. Gili, _c1977. |
||
| 300 |
_a134 p. : _bfotos |
||
| 440 | 0 | _aPunto y línea | |
| 650 | 4 |
_aCinematografía _92549 |
|
| 905 | _aLibro | ||
| 999 |
_c8184 _d8184 |
||